Ένα χελιδόνι το χειμώνα
Αποθηκεύτηκε σε:
| Κύριος συγγραφέας: | |
|---|---|
| Άλλοι συγγραφείς: | |
| Μορφή: | Βιβλίο |
| Γλώσσα: | Greek English |
| Δημοσίευση: |
Αθήνα :
Πατάκης,
1997.
|
| Σειρά: | Σύγχρονη λογοτεχνία για παιδιά και για νέους. Συλλογή Κύκνοι.
23 |
| Θέματα: | |
| Ετικέτες: |
Προσθήκη ετικέτας
Δεν υπάρχουν, Καταχωρήστε ετικέτα πρώτοι!
|
MARC
| LEADER | 00000nam a2200000 a 4500 | ||
|---|---|---|---|
| 001 | 1/127232 | ||
| 008 | 230908s1997####gr | ||| |||| ||gre|| | ||
| 020 | |a 9603608335 | ||
| 040 | |a GR-MyUa |b gre |c GR-MyUa |e AACR2 | ||
| 041 | 1 | |a gre |h eng | |
| 082 | 7 | |a 808.899282 |2 (23) | |
| 100 | 1 | |a Rosen, Billi, |d 1942- | |
| 245 | 1 | 0 | |a Ένα χελιδόνι το χειμώνα / |c Μπίλλι Οικονόμου-Ρόζεν ; μετάφραση: Μαρία Κονδύλη ; εξώφυλλο: Μαρία Κωνσταντακάκη. |
| 260 | |a Αθήνα : |b Πατάκης, |c 1997. | ||
| 300 | |a 252 σ. ; |c 21 εκ. | ||
| 490 | 1 | |a (Σύγχρονη λογοτεχνία για παιδιά και για νέους. Συλλογή Κύκνοι / Πατάκης ; |v 23) | |
| 500 | |a Το Παράρτημα Βιβλιοθήκης Ρόδου έχει την 2η εκτύπωση, Νοέμβριος 1997. | ||
| 650 | 0 | |a Young adult literature. | |
| 650 | 0 | |a Children's literature. | |
| 700 | 1 | |a Κονδύλη, Μαρία, |d 1955- |e trlf | |
| 830 | 0 | |a Σύγχρονη λογοτεχνία για παιδιά και για νέους. |p Συλλογή Κύκνοι. |v 23 | |
| 852 | |a INST |b RHODES |e 20230908 |h 808.899282 ROS |p 005400043769 |q 005400043769 |t BK |y 0 | ||
| 970 | |z 08-09-2023 | ||